| 000 | 00527nam a2200181Ia 4500 | ||
|---|---|---|---|
| 999 |
_c1661 _d1661 |
||
| 003 | OSt | ||
| 005 | 20200923103536.0 | ||
| 008 | 190216s9999||||xx |||||||||||||| ||und|| | ||
| 020 | _a9780195656961 | ||
| 040 | _coclc | ||
| 082 |
_a582.130954 _bKEH/C |
||
| 100 |
_aKehimkar, Isaac _94842 |
||
| 245 | 0 |
_aCommon Indiain Wild Flowers / _cIsaac Kehimkar |
|
| 260 |
_bOxford University Press, _aMumbai: _c2000. |
||
| 300 | _a141p | ||
| 650 | _aBotany | ||
| 942 |
_cBK _2ddc _h582.130954 _iKEH/C _k582.130954 _mKEH/C |
||